00393nam a2200121Ia 4500008004100000082000900041100001200050245005700062260003200119365000600151630005700157730005700214100415s9999 xx 000 0 und d b7274 aB.B.O.C aBulletin Of The British Ornithologist's Club Lxxviii aLONDONc1959bWITHERBY & CO b0 aBulletin Of The British Ornithologist's Club Lxxviii aBulletin Of The British Ornithologist's Club Lxxviii